[Event "Olympiad-44"]
[Site "Chennai"]
[Date "2022.08.09"]
[Round "11.1"]
[White "Van den Brink, Peter"]
[Black "Oatlhotse, Providence"]
[Result "1/2-1/2"]
[WhiteElo "2167"]
[BlackElo "2204"]
[PlyCount "144"]
[EventDate "2022.07.29"]
[EventType "team-swiss"]
[EventRounds "11"]
[EventCountry "IND"]
[SourceTitle "CBM 210"]
[Source "ChessBase"]
[SourceDate "2022.10.31"]
[SourceVersion "1"]
[SourceVersionDate "2022.10.31"]
[SourceQuality "1"]
[WhiteTeam "Aruba"]
[BlackTeam "Botswana"]
[WhiteTeamCountry "ARN"]
[BlackTeamCountry "BOT"]

1. c4 g6 2. g3 Bg7 3. Bg2 e5 4. Nc3 Ne7 5. e3 0-0 6. Nge2 c6 7. d4 d6 8. 0-0 f5 9. dxe5 dxe5 10. e4 Qc7 11. f4 Be6 12. b3 Na6 13. Ba3 Rad8 14. Qc2 Nb4 15. Bxb4 Qb6+ 16. Kh1 Qxb4 17. a3 Qa5 18. b4 Qa6 19. c5 Bc4 20. Rfd1 Bd3 21. Qa2+ Qc4 22. Rd2 Qxa2 23. Raxa2 exf4 24. gxf4 Bc4 25. Rac2 fxe4 26. Bxe4 Nf5 27. Bxf5 gxf5 28. Kg2 Bd3 29. Ra2 Rfe8 30. Kf3 Kf7 31. Nc1 Bc4 32. Rxd8 Rxd8 33. Rc2 Bd3 34. Rd2 Be4+ 35. Nxe4 fxe4+ 36. Ke3 Rxd2 37. Kxd2 Bb2 38. Ne2 Bxa3 39. Kc3 a5 40. bxa5 Bxc5 41. Ng3 e3 42. Ne4 Ba7 43. Nd6+ Ke6 44. Nxb7 Kf5 45. Nd8 Kxf4 46. Nxc6 Kf3 47. Ne5+ Kg2 48. h4 h5 49. a6 Kg3 50. Kd3 Kf2 51. Ke4 e2 52. Nd3+ Kg3 53. Ne1 Bb6 54. Nc2 Kg4 55. Ne1 Bf2 56. Nc2 Bc5 57. Ne1 Ba7 58. Nc2 Kxh4 59. Kf3 Kh3 60. Kxe2 Kg2 61. Ne3+ Kg3 62. Nf5+ Kf4 63. Kf1 Kxf5 64. Kg2 Kg4 65. Kh1 h4 66. Kg2 Kg5 67. Kh1 Kf6 68. Kg2 Ke6 69. Kh3 Kd6 70. Kxh4 Kc6 71. Kg4 Kb6 72. Kf5 Kxa6 1/2-1/2

[Event "Olympiad-44"]
[Site "Chennai"]
[Date "2022.08.08"]
[Round "10.1"]
[White "Mannhart, Marcel"]
[Black "Van den Brink, Peter"]
[Result "0-1"]
[WhiteElo "2110"]
[BlackElo "2167"]
[PlyCount "28"]
[EventDate "2022.07.29"]
[EventType "team-swiss"]
[EventRounds "11"]
[EventCountry "IND"]
[SourceTitle "CBM 210"]
[Source "ChessBase"]
[SourceDate "2022.10.31"]
[SourceVersion "1"]
[SourceVersionDate "2022.10.31"]
[SourceQuality "1"]
[WhiteTeam "Liechtenstein"]
[BlackTeam "Aruba"]
[WhiteTeamCountry "LIE"]
[BlackTeamCountry "ARN"]

1. Nc3 c5 2. e4 g6 3. d4 cxd4 4. Qxd4 Nf6 5. Be3 Nc6 6. Qd2 Bg7 7. f3 d6 8. Bh6 Bxh6 9. Qxh6 Be6 10. 0-0-0 Qa5 11. Kb1 0-0-0 12. Qd2 d5 13. Nxd5 Nxd5 14. Qxa5 Nc3+ 0-1

[Event "Olympiad-44"]
[Site "Chennai"]
[Date "2022.08.03"]
[Round "6.1"]
[White "Dos Reis, Tito"]
[Black "Van den Brink, Peter"]
[Result "0-1"]
[WhiteElo "1658"]
[BlackElo "2167"]
[PlyCount "68"]
[EventDate "2022.07.29"]
[EventType "team-swiss"]
[EventRounds "11"]
[EventCountry "IND"]
[SourceTitle "CBM 210"]
[Source "ChessBase"]
[SourceDate "2022.10.31"]
[SourceVersion "1"]
[SourceVersionDate "2022.10.31"]
[SourceQuality "1"]
[WhiteTeam "Timor Leste"]
[BlackTeam "Aruba"]
[BlackTeamCountry "ARN"]

1. f4 c5 2. Nf3 g6 3. c3 Nf6 4. e3 Bg7 5. d4 0-0 6. Bd3 d6 7. 0-0 Nc6 8. Nbd2 e5 9. fxe5 dxe5 10. Ne4 cxd4 11. Nxf6+ Bxf6 12. exd4 exd4 13. cxd4 Bg4 14. h3 Bxd4+ 15. Kh1 Bxf3 16. Qxf3 Ne5 17. Qd1 Nxd3 18. Qxd3 Bg7 19. Qb3 b6 20. Bf4 Qf6 21. Rf2 Rfe8 22. Raf1 Qe6 23. Qa4 a6 24. b3 b5 25. Qb4 Rad8 26. Bd2 Rd4 27. Qa5 f5 28. Bc3 Re4 29. Bxg7 Kxg7 30. Qc7+ Re7 31. Qg3 Re3 32. Qg5 Re1 33. Rxf5 Qxf5 34. Qxe7+ Rxe7 0-1

[Event "Olympiad-44"]
[Site "Chennai"]
[Date "2022.07.29"]
[Round "1.1"]
[White "Van den Brink, Peter"]
[Black "Ferreira, Jorge Viterbo"]
[Result "0-1"]
[WhiteElo "2167"]
[BlackElo "2499"]
[PlyCount "92"]
[EventDate "2022.07.29"]
[EventType "team-swiss"]
[EventRounds "11"]
[EventCountry "IND"]
[SourceTitle "CBM 210"]
[Source "ChessBase"]
[SourceDate "2022.10.31"]
[SourceVersion "1"]
[SourceVersionDate "2022.10.31"]
[SourceQuality "1"]
[WhiteTeam "Aruba"]
[BlackTeam "Portugal"]
[WhiteTeamCountry "ARN"]
[BlackTeamCountry "POR"]

1. e4 c5 2. c3 d6 3. d4 Nf6 4. Bd3 cxd4 5. cxd4 g6 6. Nc3 Bg7 7. Nge2 0-0 8. 0-0 Nc6 9. h3 e5 10. Be3 d5 11. exd5 Nxd5 12. Nxd5 Qxd5 13. Nc3 Qa5 14. d5 Nd4 15. a3 Bd7 16. b4 Qd8 17. Rc1 Rc8 18. Bxd4 exd4 19. Ne2 Qg5 20. Be4 Bxh3 21. Qd3 Rxc1 22. Rxc1 Bg4 23. f3 Bc8 24. f4 Qf6 25. Rc4 Bg4 26. Bf3 Bxf3 27. Qxf3 Qa6 28. Qb3 Qb5 29. Nxd4 Qxd5 30. Nf3 b5 31. Rc3 Qe4 32. Rc5 Bd4+ 33. Nxd4 Qxd4+ 34. Kh2 Qxf4+ 35. Qg3 Qxg3+ 36. Kxg3 Rd8 37. Rxb5 Rd3+ 38. Kf4 Rxa3 39. Ke5 Kg7 40. Kd6 h5 41. Kc6 h4 42. Rc5 Ra2 43. Kb7 Rxg2 44. Kxa7 h3 45. Rc3 h2 46. Rh3 Rb2 0-1

[Event "Online Olym Div4 D"]
[Site "Chess.com INT"]
[Date "2021.08.21"]
[Round "5.6"]
[White "Costa, Alexander Gentil"]
[Black "Van den Brink, Peter"]
[Result "0-1"]
[WhiteElo "1738"]
[BlackElo "2185"]
[PlyCount "122"]
[EventDate "2021.08.20"]
[EventType "team (rapid)"]
[EventRounds "11"]
[EventCountry "USA"]
[SourceTitle "CBM 203 Extra"]
[Source "ChessBase"]
[SourceDate "2021.09.30"]
[SourceVersion "1"]
[SourceVersionDate "2021.09.30"]
[SourceQuality "1"]
[WhiteTeam "Sao Tome and Principe"]
[BlackTeam "Aruba"]
[WhiteTeamCountry "SAO"]
[BlackTeamCountry "ARN"]

1. c4 c5 2. g3 g6 3. Bg2 Bg7 4. e3 Nc6 5. Ne2 e5 6. b3 Nge7 7. Bb2 d5 8. cxd5 Nxd5 9. a3 0-0 10. 0-0 Be6 11. Nbc3 Rc8 12. Rc1 b6 13. Ne4 Re8 14. h4 h6 15. d3 Qd7 16. Nd2 Red8 17. Nc4 Nde7 18. d4 exd4 19. exd4 Nxd4 20. Nf4 Nd5 21. Nxe6 Qxe6 22. Re1 Qf5 23. Bxd4 Bxd4 24. Qf3 Qxf3 25. Bxf3 Kf8 26. Re2 h5 27. Kg2 Nc3 28. Ree1 Nb5 29. a4 Nd6 30. Ne5 Nf5 31. Nc6 Rd7 32. Re2 Bf6 33. Rce1 Nd4 34. Nxd4 Rxd4 35. Re3 Rcd8 36. R1e2 Rd2 37. Kh3 Rxe2 38. Bxe2 Bd4 39. Rd3 Ke7 40. Kg2 Rd6 41. Rd2 Rf6 42. Bc4 Rf5 43. f4 Rf6 44. Re2+ Kf8 45. Kf3 Rd6 46. g4 hxg4+ 47. Kxg4 Bf6 48. h5 gxh5+ 49. Kxh5 Rd4 50. Kg4 Be7 51. Kf5 Bd6 52. Rf2 Rd1 53. Kf6 Rg1 54. f5 Re1 55. Bxf7 Be7+ 56. Kg6 Rg1+ 57. Kh6 Kxf7 58. Kh5 Rg5+ 59. Kh6 Rg4 60. Rh2 Rh4+ 61. Rxh4 Bxh4 0-1

[Event "Online Olym Div4 D"]
[Site "Chess.com INT"]
[Date "2021.08.21"]
[Round "7.5"]
[White "Matoewi, Roger"]
[Black "Van den Brink, Peter"]
[Result "1/2-1/2"]
[WhiteElo "2015"]
[BlackElo "2185"]
[PlyCount "85"]
[EventDate "2021.08.20"]
[EventType "team (rapid)"]
[EventRounds "11"]
[EventCountry "USA"]
[SourceTitle "CBM 203 Extra"]
[Source "ChessBase"]
[SourceDate "2021.09.30"]
[SourceVersion "1"]
[SourceVersionDate "2021.09.30"]
[SourceQuality "1"]
[WhiteTeam "Surinam"]
[BlackTeam "Aruba"]
[WhiteTeamCountry "SUR"]
[BlackTeamCountry "ARN"]

1. e4 c5 2. Nf3 g6 3. d4 cxd4 4. Nxd4 Nf6 5. Nc3 Nc6 6. Be3 Bg7 7. Be2 0-0 8. 0-0 d5 9. Nxc6 bxc6 10. exd5 cxd5 11. Bf3 Ba6 12. Re1 e6 13. Qd2 Re8 14. Bd4 Qc7 15. Qg5 h6 16. Qh4 g5 17. Qh3 Nd7 18. Bxg7 Kxg7 19. Rad1 Nf6 20. Be2 Bxe2 21. Rxe2 Rab8 22. b3 Rbc8 23. Rd3 Qf4 24. g3 Qg4 25. Qxg4 Nxg4 26. f3 Nf6 27. Kf2 Rc5 28. Na4 Rc6 29. Ke1 Rec8 30. Kd1 R8c7 31. a3 Nd7 32. Kc1 Nc5 33. Nxc5 Rxc5 34. Kb2 Kf6 35. f4 gxf4 36. gxf4 Kf5 37. Rh3 Kxf4 38. Rxh6 Kf3 39. Rd2 Ke3 40. Rg2 Kf3 41. Rd2 Ke3 42. Rg2 Kf3 43. Rd2 1/2-1/2

[Event "Aruba-ch"]
[Site "Oranjestad"]
[Date "2020.12.06"]
[Round "9"]
[White "Van den Brink, Peter"]
[Black "Cabral, Sylvi"]
[Result "1-0"]
[WhiteElo "2180"]
[BlackElo "1160"]
[PlyCount "53"]
[EventDate "2020.11.27"]
[EventType "tourn"]
[EventRounds "9"]
[EventCountry "ARN"]
[SourceTitle "CBM 199 Extra"]
[Source "ChessBase"]
[SourceDate "2021.01.31"]
[SourceVersion "1"]
[SourceVersionDate "2021.01.31"]
[SourceQuality "1"]

1. c4 e5 2. g3 Nf6 3. Bg2 Nc6 4. Nc3 Bb4 5. Nd5 Nxd5 6. cxd5 Ne7 7. e3 0-0 8. a3 Ba5 9. b4 Bb6 10. Bb2 d6 11. Ne2 Bd7 12. d4 exd4 13. Nxd4 Bxd4 14. Qxd4 f6 15. 0-0 Bb5 16. Rfd1 Nf5 17. Qf4 Bd7 18. Rac1 Re8 19. h4 Qe7 20. Rxc7 b5 21. Bh3 g6 22. e4 Ng7 23. Rxd7 Qf8 24. Rc1 Red8 25. Rcc7 Nh5 26. Be6+ Kh8 27. Rxh7# 1-0

[Event "Online Olym Base C"]
[Site "Chess.com INT"]
[Date "2020.07.26"]
[Round "4.4"]
[White "Michaelides, Konstantinos"]
[Black "Van den Brink, Peter"]
[Result "1/2-1/2"]
[WhiteElo "2260"]
[BlackElo "2180"]
[PlyCount "58"]
[EventDate "2020.07.25"]
[EventType "team-tourn (rapid)"]
[EventRounds "9"]
[EventCountry "USA"]
[SourceTitle "CBM 198"]
[Source "ChessBase"]
[SourceDate "2020.10.31"]
[SourceVersion "1"]
[SourceVersionDate "2020.10.31"]
[SourceQuality "1"]
[WhiteTeam "Cyprus"]
[BlackTeam "Aruba"]
[WhiteTeamCountry "CYP"]
[BlackTeamCountry "ARN"]

1. d4 d5 2. c4 e6 3. Nf3 Be7 4. g3 Nf6 5. Bg2 0-0 6. 0-0 dxc4 7. Qc2 b5 8. a4 b4 9. Ne5 Qxd4 10. Bxa8 Qxe5 11. Bg2 Ba6 12. Bf4 Qh5 13. h3 Nd5 14. g4 Qg6 15. Qxg6 hxg6 16. Be5 Nd7 17. Bxd5 Nxe5 18. Bg2 g5 19. Nd2 Rd8 20. Nf3 Nxf3+ 21. Bxf3 Bf6 22. Rfd1 Rxd1+ 23. Rxd1 Bxb2 24. Rd8+ Kh7 25. Rd7 Be5 26. Be4+ Kh6 27. Rxf7 Bd6 28. Rd7 c3 29. Rd8 g6 1/2-1/2

[Event "Online Olym Base C"]
[Site "Chess.com INT"]
[Date "2020.07.25"]
[Round "3.3"]
[White "Van den Brink, Peter"]
[Black "Ortega Amarelle, Mariano"]
[Result "0-1"]
[WhiteElo "2180"]
[BlackElo "2458"]
[PlyCount "90"]
[EventDate "2020.07.25"]
[EventType "team-tourn (rapid)"]
[EventRounds "9"]
[EventCountry "USA"]
[SourceTitle "CBM 198"]
[Source "ChessBase"]
[SourceDate "2020.10.31"]
[SourceVersion "1"]
[SourceVersionDate "2020.10.31"]
[SourceQuality "1"]
[WhiteTeam "Aruba"]
[BlackTeam "Kap Verde"]
[WhiteTeamCountry "ARN"]
[BlackTeamCountry "KAP"]

1. c4 c5 2. g3 Nc6 3. Bg2 g6 4. Nc3 Bg7 5. Nf3 d6 6. 0-0 e5 7. a3 a5 8. d3 Nge7 9. Ne1 0-0 10. Nc2 Be6 11. Ne3 h6 12. Bd2 Nd4 13. Rb1 Rb8 14. h3 Qd7 15. Kh2 b5 16. cxb5 Bb3 17. Qe1 a4 18. Ned5 Nxd5 19. Nxd5 Rxb5 20. Bc3 f5 21. f4 Qf7 22. Ne3 exf4 23. gxf4 Re8 24. Qf2 Qe6 25. Bd2 Kh7 26. Rfe1 Ba2 27. Ra1 Rxb2 28. Bc3 Rbb8 29. Nd1 Nc2 30. Bxg7 Kxg7 31. Nc3 Nxa1 32. Rxa1 Bb3 33. e4 Qf6 34. Rc1 Rf8 35. e5 dxe5 36. Qxc5 exf4 37. Nd5 Bxd5 38. Bxd5 Kh8 39. Kh1 Rbe8 40. d4 Re3 41. Bg2 Qe7 42. Qb5 Re1+ 43. Rxe1 Qxe1+ 44. Kh2 Qg3+ 45. Kg1 f3 0-1

[Event "ARU-ch"]
[Site "Surfside Marina"]
[Date "2019.06.15"]
[Round "8.3"]
[White "Van den Brink, Peter"]
[Black "Tromp, Hubert Randolf"]
[Result "1-0"]
[WhiteElo "1639"]
[BlackElo "1639"]
[PlyCount "83"]
[EventDate "2019.06.07"]
[EventType "tourn"]
[EventRounds "9"]
[EventCountry "ARN"]
[SourceTitle "EXT 2024"]
[Source "ChessBase"]
[SourceDate "2023.10.10"]
[SourceVersion "1"]
[SourceVersionDate "2023.10.10"]
[SourceQuality "1"]

1. c4 e5 2. g3 f5 3. Bg2 Nf6 4. Nc3 Nc6 5. d3 d6 6. e3 g6 7. Nge2 Bg7 8. Rb1 a6 9. b4 Ne7 10. Qb3 c6 11. d4 Be6 12. a4 e4 13. b5 d5 14. bxc6 bxc6 15. c5 0-0 16. 0-0 Rb8 17. Qa2 Rxb1 18. Qxb1 Qc7 19. Bd2 Rb8 20. Qa2 g5 21. Rb1 Ng6 22. Rxb8+ Qxb8 23. Qb1 Qxb1+ 24. Nxb1 Nd7 25. Ba5 h5 26. Bf1 h4 27. Nec3 f4 28. Bxa6 Nf6 29. Bd8 hxg3 30. hxg3 Kf7 31. Bb7 Ne7 32. a5 fxe3 33. fxe3 Nc8 34. Bxc6 Na7 35. Bb7 Bc8 36. a6 Bxb7 37. axb7 Nd7 38. Nxd5 Nc6 39. Bxg5 Nxd4 40. exd4 Bxd4+ 41. Be3 Be5 42. c6 1-0

[Event "ARU-ch"]
[Site "Surfside Marina"]
[Date "2019.06.09"]
[Round "4.4"]
[White "Van den Brink, Peter"]
[Black "Diaz, Maria MA"]
[Result "1-0"]
[WhiteElo "2158"]
[BlackElo "1855"]
[PlyCount "61"]
[EventDate "2019.06.07"]
[EventType "tourn"]
[EventRounds "9"]
[EventCountry "ARN"]
[SourceTitle "EXT 2024"]
[Source "ChessBase"]
[SourceDate "2023.10.10"]
[SourceVersion "1"]
[SourceVersionDate "2023.10.10"]
[SourceQuality "1"]

1. c4 Nf6 2. g3 g6 3. Bg2 d6 4. Nc3 Bg7 5. e4 c5 6. Nge2 Nc6 7. 0-0 0-0 8. d3 e6 9. h3 a6 10. Be3 Qc7 11. Qd2 Rb8 12. d4 cxd4 13. Nxd4 Rd8 14. Rac1 Ne5 15. b3 Nc6 16. Rfd1 Rd7 17. f4 Nh5 18. Qf2 Nxd4 19. Bxd4 Bxd4 20. Rxd4 Ng7 21. Rcd1 b5 22. Qd2 Rb6 23. Bf1 Qc5 24. Kh2 Kf8 25. cxb5 axb5 26. Bxb5 Rxb5 27. Rc4 Qxc4 28. bxc4 Rc5 29. Qd4 Ne8 30. Nb5 Ke7 31. Nxd6 1-0

[Event "ARU-ch"]
[Site "Surfside Marina"]
[Date "2019.06.08"]
[Round "2"]
[White "De Mey, Juan Pablo"]
[Black "Van den Brink, Peter"]
[Result "0-1"]
[WhiteElo "2009"]
[BlackElo "2158"]
[PlyCount "128"]
[EventDate "2019.06.07"]
[EventType "tourn"]
[EventRounds "9"]
[EventCountry "ARN"]
[SourceTitle "EXT 2024"]
[Source "ChessBase"]
[SourceDate "2023.10.10"]
[SourceVersion "1"]
[SourceVersionDate "2023.10.10"]
[SourceQuality "1"]

1. e4 c5 2. Nf3 g6 3. d4 cxd4 4. Nxd4 Nf6 5. Nc3 Nc6 6. Be3 Bg7 7. Bc4 0-0 8. Bb3 Ng4 9. Nxc6 Nxe3 10. Nxd8 Nxd1 11. Nxd1 Rxd8 12. c3 b6 13. 0-0 Bb7 14. Re1 Kf8 15. e5 e6 16. f4 d6 17. exd6 Rxd6 18. Ne3 Rd2 19. Rad1 Rad8 20. Ba4 e5 21. f5 gxf5 22. Nxf5 Rxg2+ 23. Kf1 Rdd2 24. Rxd2 Rxd2 25. Rd1 Ba6+ 26. Kg1 Rxd1+ 27. Bxd1 Bf6 28. Bc2 Bg5 29. b3 h6 30. Be4 Bc8 31. Kg2 Bxf5 32. Bxf5 Bd2 33. c4 Ke7 34. Kf3 Kd6 35. Ke4 Bf4 36. h4 h5 37. Bh3 Bg3 38. b4 Bf2 39. Bf1 Bxh4 40. c5+ bxc5 41. bxc5+ Kxc5 42. Kxe5 Bg3+ 43. Kf6 Kd4 44. Kxf7 Ke4 45. Kg6 h4 46. Kg5 Kf3 47. a4 Be1 48. a5 Kg3 49. a6 h3 50. Bb5 h2 51. Bc6 Kf2 52. Kg4 Kg1 53. Kf4 h1Q 54. Bxh1 Kxh1 55. Kf3 Kg1 56. Ke2 Bf2 57. Kf3 Bb6 58. Ke2 Kg2 59. Kd2 Kf3 60. Kd3 Be3 61. Kc3 Ke4 62. Kc4 Bg1 63. Kb4 Kd5 64. Kb5 Bf2 0-1

[Event "NED-chTB 9495"]
[Site "Netherlands"]
[Date "1994.??.??"]
[Round "7"]
[White "Straat, Evert Jan"]
[Black "Van den Brink, Peter"]
[Result "1/2-1/2"]
[WhiteElo "2235"]
[BlackElo "2230"]
[PlyCount "56"]
[EventDate "1994.??.??"]
[EventType "team"]
[EventRounds "9"]
[EventCountry "NED"]
[SourceTitle "EXT 2002"]
[Source "ChessBase"]
[SourceDate "2001.11.25"]
[SourceVersion "1"]
[SourceVersionDate "2001.11.25"]
[SourceQuality "1"]

1. Nf3 Nf6 2. g3 c5 3. c4 Nc6 4. Bg2 g6 5. 0-0 Bg7 6. d4 cxd4 7. Nxd4 0-0 8. Nc3 Nxd4 9. Qxd4 d6 10. Qd3 Nd7 11. b3 Nc5 12. Qd2 a5 13. Rb1 Bf5 14. e4 Be6 15. Re1 a4 16. Nd5 axb3 17. axb3 Bd7 18. Qe3 e6 19. Nb4 Qb6 20. Nd3 Ra2 21. e5 Bh6 22. Qxh6 Nxd3 23. Be3 Qa5 24. Red1 Nxe5 25. Rxd6 Ra1 26. Rbd1 Bc6 27. Qf4 f6 28. h4 Qa3 1/2-1/2

[Event "NED-ch49 sf"]
[Site "Enschede"]
[Date "1993.10.22"]
[Round "1"]
[White "Van den Brink, Peter"]
[Black "Van de Griendt, Jan Willem"]
[Result "0-1"]
[WhiteElo "2210"]
[BlackElo "2400"]
[PlyCount "75"]
[EventDate "1993.10.22"]
[EventType "swiss"]
[EventRounds "9"]
[EventCountry "NED"]
[SourceTitle "EXT 1997"]
[Source "ChessBase"]
[SourceDate "1996.11.15"]
[SourceVersion "1"]
[SourceVersionDate "1996.11.15"]
[SourceQuality "1"]

1. e4 d6 2. d4 Nf6 3. Nc3 g6 4. f4 Bg7 5. Nf3 0-0 6. Be3 Nc6 7. Bd3 e5 8. fxe5 dxe5 9. d5 Nb8 10. 0-0 Qe7 11. Qe1 Ne8 12. Kh1 a6 13. a4 Nd7 14. a5 Nd6 15. Na4 f5 16. Nd2 Nf6 17. c4 fxe4 18. Bc2 Bf5 19. Nc3 Kh8 20. Ba4 Rab8 21. c5 Nb5 22. Bxb5 axb5 23. b4 Qd7 24. Rd1 Nxd5 25. Ndxe4 Bxe4 26. Nxe4 Rxf1+ 27. Qxf1 Nxe3 28. Rxd7 Nxf1 29. Rxc7 Ne3 30. c6 bxc6 31. a6 Rd8 32. h3 Nd5 33. Rb7 Bf8 34. a7 Ra8 35. Kh2 h6 36. g4 Ne7 37. Nf6 e4 38. Ne8 0-1

[Event "Leeuwarden op"]
[Site "Leeuwarden"]
[Date "1993.??.??"]
[Round "7"]
[White "Van den Brink, Peter"]
[Black "Boersma, Paul"]
[Result "1/2-1/2"]
[WhiteElo "2210"]
[BlackElo "2365"]
[PlyCount "39"]
[EventDate "1993.08.??"]
[EventType "swiss"]
[EventRounds "9"]
[EventCountry "NED"]
[SourceTitle "TD"]
[Source "ChessBase"]
[SourceDate "1994.03.01"]
[SourceVersion "1"]
[SourceVersionDate "1994.03.01"]
[SourceQuality "1"]

1. e4 c6 2. d4 d5 3. exd5 cxd5 4. c4 Nf6 5. Nc3 Nc6 6. Nf3 Bg4 7. cxd5 Nxd5 8. Qb3 Bxf3 9. gxf3 e6 10. Qxb7 Nxd4 11. Bb5+ Nxb5 12. Qc6+ Ke7 13. Qxb5 Qd7 14. Nxd5+ Qxd5 15. Qxd5 exd5 16. 0-0 Ke6 17. Re1+ Kf5 18. Rd1 Rd8 19. Be3 Rd7 20. Rd4 1/2-1/2